00624 2200217 4500001002100000005001500021035002000036007000300056008004100059020001800100082000800118084001400126100002500140245009100165250001100256260004800267300003000315650002100345504003000366990001000396INLIS00000000000741120210318092406 a0010-0321000781ta210318 g | ind  a9786022515616 a631 a631 NAI t0 aNAINGGOLAN, kaman ms1 aTeknologi Melipatgandakan Produksi Padi Nasional /cProf. Dr. Ir. Kaman Nainggolan, MS aCet. 1 aJakarta :bPT Gramedia Pustaka Utama,c2014 axx, 155 hlm ;c15 x 23 cm 4aTeknik pertanian aBibliografi : Hal 143-147 a15960